000 01498nam a22002417a 4500
999 _c59922
_d59922
003 Ge_BSU
005 20230510155227.0
008 230510s2006 ge ||||| |||| 00| 0 geo d
020 _a9994061852
041 _ageo
080 _a94(479.22) +321(479.22) ქ-15
100 _aქავთარაძე, გიორგი
_918079
245 _aსაქართველოს სახელმწიფოებრივი განვითარების საკითხები = The problems of state development of Georgia :
_b(ადრეული ხანიდან) /
_cგიორგი ქავთარაძე ; [რედ. ტარიელ ფუტკარაძე].
264 _aთბილისი :
_b[უნივერსალი],
_c2006.
300 _a244 გვ. ;
_b20 სმ.
490 _aკავკასიოლოგიური სერია /
_vიბერიულ-კავკასიური საერთ. სამეცნ. ცენტრი ; 2
504 _aბიბლიოგრ. ტექსტ. შენიშვნ. და გვ. 225-244.
520 _aრეზ. ინგლ. ენ.
653 _aსაქართველოს ახალი ისტორია.
653 _aქართული სახელმწიფოებრიობის ისტორია
700 _aფუტკარაძე, ტარიელ
_eრედაქტორი
_9128
942 _2udc
_cBK